[Event "PK Jeugd 2020 C-Meisjes"]
[Site "Eindhoven, Netherlands"]
[Date "????.??.??"]
[Round "3.1"]
[White "Yeh, Nora"]
[Black "Mensing, Luana"]
[Result "0-1"]
[WhiteElo "1479"]
[BlackElo "1600"]
[PlyCount "126"]

1. d4 d5 {[%emt 0:00:08]} 2. Nf3 {[%emt 0:00:06]} e6 {[%emt 0:00:14]} 3. Bf4 {
[%emt 0:00:09]} Nf6 {[%emt 0:01:14]} 4. e3 {[%emt 0:00:16]} Bd6 {[%emt 0:01:47]
} 5. Bg3 {[%emt 0:00:25]} a6 {[%emt 0:02:21]} 6. Nbd2 {[%emt 0:00:20]} Nbd7 {
[%emt 0:00:34]} 7. c4 {[%emt 0:00:20]} Bxg3 {[%emt 0:04:04]} 8. hxg3 {[%emt 0:
00:12]} dxc4 {[%emt 0:03:20]} 9. Nxc4 {[%emt 0:01:10]} b5 {[%emt 0:01:05]} 10.
Nce5 {[%emt 0:00:22]} Bb7 {[%emt 0:02:11]} 11. Rc1 {[%emt 0:04:19]} Rc8 {
[%emt 0:01:31]} 12. a3 {[%emt 0:05:38]} h6 {[%emt 0:09:04]} 13. Nc6 {[%emt 0:
09:07]} Bxc6 {[%emt 0:01:45]} 14. Rxc6 {[%emt 0:00:30]} Nb6 {[%emt 0:00:43]}
15. Ne5 {[%emt 0:03:56]} Qd5 {[%emt 0:08:04]} 16. g4 {[%emt 0:06:02]} Nfd7 {
[%emt 0:00:39]} 17. Qc2 {[%emt 0:04:22]} Nxe5 {[%emt 0:02:22]} 18. Rxb6 {
[%emt 0:08:35]} O-O {[%emt 0:00:08]} 19. Rxa6 {[%emt 0:00:55]} Nxg4 {[%emt 0:
00:06]} 20. Rc6 {[%emt 0:01:16]} Rfe8 {[%emt 0:06:17]} 21. Rc5 {[%emt 0:00:52]}
Qa8 {[%emt 0:01:55]} 22. Rxb5 {[%emt 0:04:52]} e5 {[%emt 0:02:38]} 23. dxe5 {
[%emt 0:01:00]} Rxe5 {[%emt 0:00:31]} 24. Rxe5 {[%emt 0:00:30]} Nxe5 {[%emt 0:
00:06]} 25. f3 {[%emt 0:00:41]} Qa5+ {[%emt 0:00:43]} 26. Qd2 {[%emt 0:00:25]}
Qb6 {[%emt 0:00:43]} 27. Rh5 {[%emt 0:00:47]} f6 {[%emt 0:00:50]} 28. f4 {
[%emt 0:00:23]} Ng4 {[%emt 0:00:02]} 29. Bc4+ {[%emt 0:00:23]} Kh8 {[%emt 0:00:
01]} 30. Rh3 {[%emt 0:00:28]} Re8 {[%emt 0:00:04]} 31. Rg3 {[%emt 0:00:58]}
Nxe3 {[%emt 0:00:43]} 32. Qd7 {[%emt 0:00:31]} Nxg2+ {[%emt 0:00:33]} 33. Kd1 {
[%emt 0:00:10]} Qg1+ {[%emt 0:00:04]} 34. Kc2 {[%emt 0:00:05]} Ne1+ {[%emt 0:
00:07]} 35. Kd1 {[%emt 0:00:11]} Ng2+ {[%emt 0:00:19]} 36. Kc2 {[%emt 0:00:07]}
Qf2+ {[%emt 0:00:02]} 37. Kb1 {[%emt 0:00:21]} Re1+ {[%emt 0:00:03]} 38. Ka2 {
[%emt 0:00:03]} Qxg3 {[%emt 0:01:04]} 39. Bd3 {[%emt 0:00:07]} Qe3 {[%emt 0:00:
34]} 40. Qd8+ {[%emt 0:00:21]} Qe8 {[%emt 0:00:02]} 41. Qxe8+ {[%emt 0:00:03]}
Rxe8 {[%emt 0:00:02]} 42. f5 {[%emt 0:00:11]} h5 {[%emt 0:00:01]} 43. Bf1 {
[%emt 0:00:02]} Ne3 {[%emt 0:00:02]} 44. Bh3 {[%emt 0:00:04]} Re5 {[%emt 0:00:
02]} 45. b4 {[%emt 0:00:05]} Nxf5 {[%emt 0:00:02]} 46. a4 {[%emt 0:00:07]} Nd4
{[%emt 0:00:04]} 47. a5 {[%emt 0:00:08]} Rb5 {[%emt 0:00:07]} 48. Ka3 {[%emt 0:
00:17]} Nc2+ {[%emt 0:00:04]} 49. Kb3 {[%emt 0:00:01]} Nxb4 {[%emt 0:00:02]}
50. Ka4 {[%emt 0:00:09]} Rb7 {[%emt 0:00:06]} 51. Bg2 {[%emt 0:00:05]} Rb8 {
[%emt 0:00:02]} 52. Bf1 {[%emt 0:00:04]} g5 {[%emt 0:00:04]} 53. a6 {[%emt 0:
00:12]} Nxa6 {[%emt 0:00:01]} 54. Bxa6 {[%emt 0:00:01]} h4 {[%emt 0:00:01]} 55.
Bf1 {[%emt 0:00:02]} Rb1 {[%emt 0:00:03]} 56. Be2 {[%emt 0:00:01]} h3 {[%emt 0:
00:02]} 57. Bf3 {[%emt 0:00:01]} h2 {[%emt 0:00:05]} 58. Ka3 {[%emt 0:00:02]}
h1=Q {[%emt 0:00:06]} 59. Bxh1 {[%emt 0:00:01]} Rxh1 {[%emt 0:00:02]} 60. Kb4 {
[%emt 0:00:01]} g4 {[%emt 0:00:01]} 61. Kc4 g3 {[%emt 0:00:01]} 62. Kd3 g2 {
[%emt 0:00:01]} 63. Ke2 {[%emt 0:00:01]} g1=Q {[%emt 0:00:02]} 0-1

[Event "PK Jeugd 2020 C-Meisjes"]
[Site "Eindhoven, Netherlands"]
[Date "????.??.??"]
[Round "3.2"]
[White "Feng, Elysia"]
[Black "Gergin, Isafara"]
[Result "1/2-1/2"]
[WhiteElo "1559"]
[BlackElo "1179"]
[PlyCount "50"]

1. e4 {[%emt 0:00:02]} c5 {[%emt 0:00:04]} 2. Nf3 {[%emt 0:00:03]} Nc6 {
[%emt 0:00:05]} 3. d4 {[%emt 0:00:05]} cxd4 {[%emt 0:00:05]} 4. Nxd4 {[%emt 0:
00:07]} Nf6 {[%emt 0:00:12]} 5. Nc3 {[%emt 0:00:05]} e5 {[%emt 0:00:24]} 6. Nf3
{[%emt 0:00:17]} Bb4 {[%emt 0:00:18]} 7. Bd3 {[%emt 0:00:20]} d6 {[%emt 0:00:
51]} 8. Bg5 {[%emt 0:00:30]} h6 {[%emt 0:00:35]} 9. Bh4 {[%emt 0:00:06]} Bg4 {
[%emt 0:00:57]} 10. h3 {[%emt 0:00:23]} Bh5 {[%emt 0:00:34]} 11. O-O {[%emt 0:
00:41]} Nd4 {[%emt 0:01:10]} 12. Be2 {[%emt 0:00:57]} Bxc3 {[%emt 0:01:45]} 13.
bxc3 {[%emt 0:00:07]} Nxe2+ {[%emt 0:00:16]} 14. Qxe2 {[%emt 0:00:08]} O-O {
[%emt 0:00:19]} 15. Rad1 {[%emt 0:02:04]} g5 {[%emt 0:02:43]} 16. Bg3 {[%emt 0:
00:25]} Bg6 {[%emt 0:00:42]} 17. Nd2 {[%emt 0:02:29]} Qc7 {[%emt 0:02:54]} 18.
c4 {[%emt 0:00:46]} Qc6 {[%emt 0:04:04]} 19. f3 {[%emt 0:02:12]} Kg7 {[%emt 0:
02:38]} 20. Nb3 {[%emt 0:01:46]} Rac8 {[%emt 0:01:51]} 21. Rf2 {[%emt 0:02:06]}
Rfd8 {[%emt 0:01:38]} 22. h4 {[%emt 0:02:09]} Nd7 {[%emt 0:04:51]} 23. hxg5 {
[%emt 0:01:01]} hxg5 {[%emt 0:00:18]} 24. Qd3 {[%emt 0:03:39]} Nb6 {[%emt 0:02:
02]} 25. Na5 {[%emt 0:01:39]} Qc7 {[%emt 0:01:41]} 1/2-1/2

[Event "PK Jeugd 2020 C-Meisjes"]
[Site "Eindhoven, Netherlands"]
[Date "????.??.??"]
[Round "3.3"]
[White "Westerhof, Fleur"]
[Black "Huang, Luna"]
[Result "1/2-1/2"]
[WhiteElo "881"]
[BlackElo "1366"]
[PlyCount "69"]

1. e4 {[%emt 0:00:03]} e5 {[%emt 0:00:06]} 2. Nf3 {[%emt 0:00:05]} Nc6 {
[%emt 0:00:07]} 3. Bc4 {[%emt 0:00:04]} Bc5 {[%emt 0:00:07]} 4. c3 {[%emt 0:00:
06]} Nf6 {[%emt 0:00:10]} 5. d3 {[%emt 0:00:07]} d6 {[%emt 0:00:21]} 6. O-O {
[%emt 0:00:14]} Bg4 {[%emt 0:00:12]} 7. h3 {[%emt 0:00:05]} Bh5 {[%emt 0:00:37]
} 8. Be3 {[%emt 0:00:10]} Bb6 {[%emt 0:00:10]} 9. Nbd2 {[%emt 0:00:37]} h6 {
[%emt 0:07:38]} 10. Qc2 {[%emt 0:00:24]} O-O {[%emt 0:00:37]} 11. Bxb6 {
[%emt 0:00:44]} axb6 {[%emt 0:00:06]} 12. d4 {[%emt 0:00:16]} exd4 {[%emt 0:01:
47]} 13. cxd4 {[%emt 0:00:19]} Bxf3 {[%emt 0:02:33]} 14. Nxf3 {[%emt 0:00:09]}
d5 {[%emt 0:03:31]} 15. exd5 {[%emt 0:00:37]} Nxd5 {[%emt 0:00:11]} 16. Qf5 {
[%emt 0:00:26]} Nf6 {[%emt 0:02:47]} 17. Rad1 Re8 {[%emt 0:02:11]} 18. Qg6 {
[%emt 0:00:34]} Re7 {[%emt 0:02:38]} 19. Qd3 {[%emt 0:00:38]} Nb4 {[%emt 0:02:
26]} 20. Qb3 {[%emt 0:00:18]} Nc6 {[%emt 0:01:10]} 21. a3 {[%emt 0:00:16]} Na5
{[%emt 0:00:50]} 22. Qa2 {[%emt 0:00:14]} Nxc4 {[%emt 0:00:23]} 23. Qxc4 {
[%emt 0:00:07]} Qd5 {[%emt 0:04:28]} 24. Qxd5 {[%emt 0:01:51]} Nxd5 {[%emt 0:
01:19]} 25. Rfe1 {[%emt 0:00:43]} Rae8 {[%emt 0:00:36]} 26. Rxe7 {[%emt 0:00:
20]} Rxe7 {[%emt 0:00:02]} 27. Kf1 {[%emt 0:00:30]} f6 {[%emt 0:02:11]} 28. Re1
{[%emt 0:01:43]} Rxe1+ {[%emt 0:01:28]} 29. Kxe1 {[%emt 0:00:11]} Kf7 {[%emt 0:
00:07]} 30. Ke2 {[%emt 0:00:03]} Ke6 {[%emt 0:01:51]} 31. g3 {[%emt 0:00:10]}
Kf5 {[%emt 0:01:41]} 32. Kd3 {[%emt 0:00:55]} g5 {[%emt 0:01:58]} 33. b3 {
[%emt 0:00:34]} c6 {[%emt 0:00:54]} 34. b4 {[%emt 0:00:51]} b5 {[%emt 0:00:19]}
35. Nd2 {[%emt 0:00:17]} 1/2-1/2

[Event "PK Jeugd 2020 C-Meisjes"]
[Site "Eindhoven, Netherlands"]
[Date "????.??.??"]
[Round "3.4"]
[White "Struijs, Ilona"]
[Black "Yildirum, Azra"]
[Result "1-0"]
[WhiteElo "701"]
[BlackElo "415"]
[PlyCount "139"]

1. e4 {[%emt 0:00:01]} e5 {[%emt 0:00:04]} 2. Nc3 {[%emt 0:00:12]} Nc6 {
[%emt 0:00:39]} 3. Bc4 {[%emt 0:00:44]} Bc5 {[%emt 0:00:35]} 4. d3 {[%emt 0:00:
41]} d6 {[%emt 0:00:39]} 5. Nf3 {[%emt 0:01:12]} Bg4 {[%emt 0:00:45]} 6. O-O {
[%emt 0:00:49]} Nf6 {[%emt 0:00:22]} 7. Bg5 {[%emt 0:01:27]} Nd4 {[%emt 0:01:
07]} 8. h3 {[%emt 0:02:23]} Bxf3 {[%emt 0:01:00]} 9. gxf3 {[%emt 0:00:07]} Qd7
{[%emt 0:00:26]} 10. Kh2 {[%emt 0:01:38]} O-O-O {[%emt 0:02:21]} 11. Nd5 {
[%emt 0:00:57]} Qe6 {[%emt 0:01:18]} 12. Nxf6 {[%emt 0:01:12]} d5 {[%emt 0:00:
29]} 13. Bxd5 {[%emt 0:00:42]} Qe7 {[%emt 0:01:07]} 14. Nxh7 {[%emt 0:01:48]}
f6 {[%emt 0:01:29]} 15. Bh4 {[%emt 0:06:05]} Rxh7 16. Bg3 {[%emt 0:00:26]} Qd7
{[%emt 0:00:33]} 17. h4 {[%emt 0:02:17]} g5 {[%emt 0:00:35]} 18. Kg2 {[%emt 0:
04:58]} gxh4 {[%emt 0:00:47]} 19. Bh2 {[%emt 0:00:12]} Rg7+ {[%emt 0:01:20]}
20. Kh1 {[%emt 0:00:23]} Qh3 {[%emt 0:00:59]} 21. Rg1 {[%emt 0:04:26]} Nxf3 {
[%emt 0:00:42]} 22. Be6+ {[%emt 0:00:25]} Qxe6 {[%emt 0:00:42]} 23. Qxf3 {
[%emt 0:00:22]} Rdg8 {[%emt 0:00:24]} 24. Rxg7 {[%emt 0:00:46]} Rxg7 {[%emt 0:
00:14]} 25. Rg1 {[%emt 0:00:18]} Rg5 {[%emt 0:00:59]} 26. Rxg5 {[%emt 0:01:03]}
fxg5 {[%emt 0:00:09]} 27. Qf5 {[%emt 0:00:49]} Qxf5 {[%emt 0:00:33]} 28. exf5 {
[%emt 0:00:03]} Bxf2 {[%emt 0:00:45]} 29. Bxe5 {[%emt 0:00:14]} g4 {[%emt 0:01:
03]} 30. Kg2 {[%emt 0:00:27]} Bc5 {[%emt 0:01:24]} 31. Bf6 {[%emt 0:00:18]} h3+
{[%emt 0:01:22]} 32. Kh2 {[%emt 0:00:46]} a5 {[%emt 0:01:18]} 33. d4 {[%emt 0:
00:28]} Bd6+ {[%emt 0:00:27]} 34. Be5 {[%emt 0:01:11]} Bf8 35. c4 {[%emt 0:00:
54]} a4 {[%emt 0:01:11]} 36. Bg3 {[%emt 0:02:07]} c5 {[%emt 0:00:44]} 37. dxc5
{[%emt 0:00:31]} Bxc5 {[%emt 0:00:09]} 38. Bf4 {[%emt 0:00:44]} b6 {[%emt 0:01:
08]} 39. Kg3 {[%emt 0:00:56]} Bg1 {[%emt 0:00:42]} 40. Bg5 {[%emt 0:01:02]} h2
{[%emt 0:00:24]} 41. Kg2 {[%emt 0:00:09]} g3 {[%emt 0:00:36]} 42. Bh4 {[%emt 0:
00:31]} Bf2 {[%emt 0:00:25]} 43. f6 {[%emt 0:00:20]} Bd4 {[%emt 0:01:12]} 44.
f7 {[%emt 0:00:33]} Bc5 {[%emt 0:00:15]} 45. Bxg3 {[%emt 0:00:09]} Kd7 {
[%emt 0:01:06]} 46. Bxh2 {[%emt 0:00:40]} Ke7 {[%emt 0:00:19]} 47. Kf3 {
[%emt 0:00:21]} a3 {[%emt 0:02:13]} 48. bxa3 {[%emt 0:00:17]} Bxa3 {[%emt 0:00:
06]} 49. Ke4 {[%emt 0:00:10]} Kxf7 {[%emt 0:00:35]} 50. Kd5 {[%emt 0:00:10]}
Ke7 {[%emt 0:00:51]} 51. Kc6 {[%emt 0:00:24]} Bc5 {[%emt 0:00:28]} 52. Bc7 {
[%emt 0:00:34]} Ke6 {[%emt 0:01:25]} 53. Bxb6 {[%emt 0:00:17]} Bxb6 {[%emt 0:
00:08]} 54. Kxb6 {[%emt 0:00:05]} Ke5 {[%emt 0:00:42]} 55. c5 {[%emt 0:00:11]}
Ke6 {[%emt 0:00:37]} 56. Kb7 {[%emt 0:00:15]} Kd5 {[%emt 0:00:28]} 57. c6 {
[%emt 0:00:08]} Kc4 {[%emt 0:00:10]} 58. c7 {[%emt 0:00:04]} Kc3 {[%emt 0:00:
30]} 59. c8=Q+ {[%emt 0:00:07]} Kb2 {[%emt 0:00:23]} 60. Qc4 {[%emt 0:00:24]}
Kb1 {[%emt 0:00:38]} 61. a4 {[%emt 0:00:15]} Kb2 {[%emt 0:00:36]} 62. Kb6 {
[%emt 0:00:04]} Kb1 {[%emt 0:00:30]} 63. Qc3 {[%emt 0:00:24]} Ka2 {[%emt 0:00:
39]} 64. Kb5 {[%emt 0:00:01]} Kb1 {[%emt 0:00:18]} 65. Kb4 {[%emt 0:00:06]} Ka2
{[%emt 0:00:06]} 66. Qa3+ {[%emt 0:00:53]} Kb1 {[%emt 0:00:14]} 67. Qd3+ {
[%emt 0:00:18]} Ka2 {[%emt 0:00:25]} 68. Qd2+ {[%emt 0:00:14]} Kb1 {[%emt 0:01:
01]} 69. Kb3 {[%emt 0:00:13]} Ka1 {[%emt 0:00:33]} 70. Qb2# {[%emt 0:00:02]}
1-0

[Event "PK Jeugd 2020 C-Meisjes"]
[Site "Eindhoven, Netherlands"]
[Date "????.??.??"]
[Round "3.5"]
[White "Damen, Josephine"]
[Black "Ganeshram, Nirupa"]
[Result "1-0"]
[WhiteElo "916"]
[BlackElo "1033"]
[PlyCount "81"]

1. e4 e5 {[%emt 0:00:06]} 2. Nf3 {[%emt 0:00:06]} Nc6 {[%emt 0:00:04]} 3. Bc4 {
[%emt 0:00:06]} Bc5 {[%emt 0:00:14]} 4. d3 {[%emt 0:00:08]} d6 {[%emt 0:00:45]}
5. Nc3 {[%emt 0:00:08]} Bg4 {[%emt 0:00:06]} 6. O-O {[%emt 0:00:18]} Nd4 {
[%emt 0:00:06]} 7. Be3 {[%emt 0:00:34]} Nxf3+ {[%emt 0:00:19]} 8. gxf3 {
[%emt 0:00:06]} Bh3 {[%emt 0:00:23]} 9. Kh1 {[%emt 0:00:49]} Bxf1 {[%emt 0:00:
23]} 10. Qxf1 {[%emt 0:00:05]} Ne7 {[%emt 0:01:12]} 11. Qg2 {[%emt 0:03:52]}
Bxe3 {[%emt 0:02:57]} 12. Qxg7 {[%emt 0:04:28]} Rf8 {[%emt 0:03:54]} 13. fxe3 {
[%emt 0:01:09]} Qd7 {[%emt 0:02:18]} 14. Qxh7 {[%emt 0:03:52]} O-O-O {[%emt 0:
02:05]} 15. Bxf7 {[%emt 0:03:01]} Rh8 {[%emt 0:01:16]} 16. Qg7 {[%emt 0:01:09]}
Rdf8 {[%emt 0:02:36]} 17. Bh5 {[%emt 0:08:24]} Qh3 {[%emt 0:04:14]} 18. Bg4+ {
[%emt 0:00:40]} Qxg4 {[%emt 0:01:38]} 19. Qxg4+ {[%emt 0:01:04]} Kb8 {[%emt 0:
00:05]} 20. Nd5 {[%emt 0:00:57]} Nc6 {[%emt 0:01:08]} 21. Rg1 {[%emt 0:02:17]}
a6 {[%emt 0:00:43]} 22. Qd7 {[%emt 0:01:46]} Rc8 {[%emt 0:00:38]} 23. Rg7 {
[%emt 0:02:01]} Rhd8 {[%emt 0:00:01]} 24. Qg4 {[%emt 0:00:44]} Re8 {[%emt 0:01:
10]} 25. f4 {[%emt 0:03:41]} exf4 {[%emt 0:00:17]} 26. exf4 {[%emt 0:00:25]}
Nd4 {[%emt 0:00:57]} 27. c3 {[%emt 0:01:30]} Ne6 {[%emt 0:00:31]} 28. Re7 {
[%emt 0:02:41]} Nc5 {[%emt 0:03:06]} 29. Rxe8 {[%emt 0:01:13]} Rxe8 {[%emt 0:
00:03]} 30. d4 {[%emt 0:02:29]} Nxe4 {[%emt 0:00:20]} 31. Qd7 {[%emt 0:02:49]}
Rc8 {[%emt 0:00:34]} 32. f5 {[%emt 0:00:23]} Nf2+ {[%emt 0:00:55]} 33. Kg2 {
[%emt 0:00:38]} Ng4 {[%emt 0:00:21]} 34. f6 {[%emt 0:00:50]} Nh6 {[%emt 0:03:
37]} 35. f7 {[%emt 0:01:07]} Rf8 {[%emt 0:00:39]} 36. Qxc7+ {[%emt 0:00:30]}
Ka7 {[%emt 0:00:06]} 37. Qb6+ {[%emt 0:03:05]} Ka8 {[%emt 0:00:10]} 38. Nc7+ {
[%emt 0:00:07]} Kb8 {[%emt 0:00:04]} 39. Qxd6 {[%emt 0:00:15]} Rxf7 {[%emt 0:
00:12]} 40. Nb5+ {[%emt 0:00:25]} Kc8 {[%emt 0:00:36]} 41. Na7# {[%emt 0:00:21]
} 1-0

[Event "PK Jeugd 2020 C-Meisjes"]
[Site "Eindhoven, Netherlands"]
[Date "2020.02.08"]
[Round "4.1"]
[White "Mensing, Luana"]
[Black "Feng, Elysia"]
[Result "1/2-1/2"]
[WhiteElo "1600"]
[BlackElo "1559"]
[PlyCount "42"]
[EventDate "2020.??.??"]

1. e4 {[%emt 0:00:02]} e5 {[%emt 0:00:04]} 2. Nf3 {[%emt 0:00:08]} Nc6 {
[%emt 0:00:06]} 3. Nc3 {[%emt 0:00:35]} Nf6 {[%emt 0:00:18]} 4. d3 {[%emt 0:00:
39]} Bc5 {[%emt 0:00:19]} 5. Be2 {[%emt 0:00:51]} O-O {[%emt 0:00:28]} 6. O-O {
[%emt 0:00:12]} h6 {[%emt 0:00:29]} 7. a3 {[%emt 0:00:59]} d6 {[%emt 0:00:35]}
8. Be3 {[%emt 0:00:50]} Bb6 {[%emt 0:01:11]} 9. Bxb6 {[%emt 0:01:39]} axb6 {
[%emt 0:00:10]} 10. d4 {[%emt 0:07:03]} exd4 {[%emt 0:00:37]} 11. Nxd4 {
[%emt 0:00:11]} Re8 {[%emt 0:00:37]} 12. Bf3 {[%emt 0:01:47]} Ne5 {[%emt 0:01:
19]} 13. Be2 {[%emt 0:02:20]} Ng6 {[%emt 0:01:48]} 14. f3 {[%emt 0:03:33]} Nf4
{[%emt 0:02:17]} 15. Bc4 {[%emt 0:01:13]} c6 {[%emt 0:02:45]} 16. Nde2 {
[%emt 0:00:50]} Ng6 {[%emt 0:01:18]} 17. Qd2 {[%emt 0:02:32]} b5 {[%emt 0:02:
06]} 18. Ba2 {[%emt 0:01:00]} Be6 {[%emt 0:00:31]} 19. Bxe6 {[%emt 0:01:06]}
Rxe6 {[%emt 0:00:22]} 20. Nf4 {[%emt 0:00:30]} Nxf4 {[%emt 0:00:23]} 21. Qxf4 {
[%emt 0:00:07]} Qb6+ {[%emt 0:01:16]} 1/2-1/2

[Event "PK Jeugd 2020 C-Meisjes"]
[Site "Eindhoven, Netherlands"]
[Date "2020.02.08"]
[Round "4.2"]
[White "Huang, Luna"]
[Black "Yeh, Nora"]
[Result "1/2-1/2"]
[WhiteElo "1366"]
[BlackElo "1479"]
[PlyCount "63"]
[EventDate "2020.??.??"]

1. e4 {[%emt 0:00:01]} e5 {[%emt 0:00:08]} 2. Nf3 {[%emt 0:00:07]} Nc6 {
[%emt 0:00:06]} 3. d4 {[%emt 0:00:47]} exd4 {[%emt 0:00:04]} 4. Nxd4 {[%emt 0:
00:10]} Bc5 {[%emt 0:00:10]} 5. Be3 {[%emt 0:00:21]} Qf6 {[%emt 0:00:22]} 6. c3
{[%emt 0:00:35]} Nge7 {[%emt 0:00:11]} 7. Bc4 {[%emt 0:00:37]} Ne5 {[%emt 0:00:
14]} 8. Be2 {[%emt 0:00:21]} Qg6 {[%emt 0:00:19]} 9. Bf3 {[%emt 0:00:24]} Nxf3+
{[%emt 0:00:33]} 10. Qxf3 {[%emt 0:00:09]} d6 {[%emt 0:00:54]} 11. h3 {[%emt 0:
00:23]} O-O {[%emt 0:00:49]} 12. O-O {[%emt 0:04:24]} Re8 {[%emt 0:01:55]} 13.
Nd2 {[%emt 0:03:54]} Bd7 {[%emt 0:03:20]} 14. Kh1 {[%emt 0:01:39]} Rad8 {
[%emt 0:03:31]} 15. Rfe1 {[%emt 0:04:22]} Nc6 {[%emt 0:02:10]} 16. Rad1 {
[%emt 0:05:10]} Ne5 {[%emt 0:01:25]} 17. Qe2 {[%emt 0:01:59]} Bc6 {[%emt 0:03:
33]} 18. Nxc6 {[%emt 0:02:46]} Nxc6 {[%emt 0:00:17]} 19. Bxc5 {[%emt 0:00:27]}
dxc5 {[%emt 0:00:11]} 20. f3 {[%emt 0:01:35]} Ne5 {[%emt 0:01:59]} 21. Nc4 {
[%emt 0:02:47]} Nxc4 {[%emt 0:00:38]} 22. Qxc4 {[%emt 0:00:14]} Qb6 {[%emt 0:
02:22]} 23. b3 {[%emt 0:01:03]} Qc6 {[%emt 0:01:51]} 24. a4 {[%emt 0:03:18]} a6
{[%emt 0:00:48]} 25. Qe2 {[%emt 0:05:07]} b5 {[%emt 0:01:29]} 26. axb5 {
[%emt 0:00:14]} Qxb5 {[%emt 0:01:03]} 27. Qxb5 {[%emt 0:00:09]} axb5 {[%emt 0:
00:07]} 28. Kg1 {[%emt 0:00:30]} g6 {[%emt 0:00:24]} 29. Kf2 {[%emt 0:00:17]}
f6 {[%emt 0:01:32]} 30. Ke2 {[%emt 0:03:12]} Rd6 {[%emt 0:01:21]} 31. Rd2 {
[%emt 0:01:47]} Red8 {[%emt 0:00:54]} 32. Red1 {[%emt 0:00:26]} 1/2-1/2

[Event "PK Jeugd 2020 C-Meisjes"]
[Site "Eindhoven, Netherlands"]
[Date "2020.02.08"]
[Round "4.3"]
[White "Struijs, Ilona"]
[Black "Damen, Josephine"]
[Result "0-1"]
[WhiteElo "701"]
[BlackElo "916"]
[PlyCount "78"]
[EventDate "2020.??.??"]

1. e4 {[%emt 0:00:02]} e5 {[%emt 0:00:07]} 2. Nc3 {[%emt 0:00:10]} Nf6 {
[%emt 0:00:08]} 3. Bc4 {[%emt 0:00:30]} Nc6 {[%emt 0:01:13]} 4. d3 {[%emt 0:01:
42]} Be7 {[%emt 0:00:48]} 5. f4 {[%emt 0:00:53]} d6 {[%emt 0:04:53]} 6. Nf3 {
[%emt 0:03:24]} g6 {[%emt 0:07:59]} 7. Ng5 {[%emt 0:03:28]} Rf8 {[%emt 0:04:47]
} 8. Bxf7+ {[%emt 0:04:38]} Rxf7 {[%emt 0:00:12]} 9. Nxf7 {[%emt 0:00:06]} Kxf7
{[%emt 0:00:09]} 10. Be3 {[%emt 0:02:49]} Ng4 {[%emt 0:03:07]} 11. Qe2 {
[%emt 0:05:13]} Nxe3 {[%emt 0:15:37]} 12. Qxe3 {[%emt 0:02:36]} Nd4 {[%emt 0:
00:28]} 13. Rc1 {[%emt 0:03:44]} Ke8 {[%emt 0:01:47]} 14. O-O {[%emt 0:01:27]}
g5 {[%emt 0:01:05]} 15. fxe5 {[%emt 0:02:36]} dxe5 {[%emt 0:00:27]} 16. Qf2 {
[%emt 0:01:00]} Be6 {[%emt 0:01:09]} 17. Ne2 {[%emt 0:01:38]} Bc5 {[%emt 0:01:
21]} 18. Kh1 {[%emt 0:04:10]} Qe7 {[%emt 0:04:27]} 19. c3 {[%emt 0:02:41]} Nb3
{[%emt 0:02:24]} 20. d4 {[%emt 0:03:21]} Nxc1 {[%emt 0:00:47]} 21. Nxc1 {
[%emt 0:00:22]} Bb6 {[%emt 0:01:00]} 22. Qf3 {[%emt 0:00:56]} exd4 {[%emt 0:01:
06]} 23. Qh5+ {[%emt 0:01:39]} Bf7 {[%emt 0:00:13]} 24. Qxh7 {[%emt 0:00:26]}
dxc3 {[%emt 0:00:24]} 25. Qh8+ {[%emt 0:00:28]} Qf8 {[%emt 0:00:03]} 26. Qxf8+
{[%emt 0:00:19]} Kxf8 {[%emt 0:00:02]} 27. bxc3 {[%emt 0:00:14]} Re8 {[%emt 0:
00:10]} 28. Re1 {[%emt 0:01:03]} Bf2 {[%emt 0:00:28]} 29. Re2 {[%emt 0:00:23]}
Rd8 {[%emt 0:00:18]} 30. g3 {[%emt 0:00:31]} Rd1+ {[%emt 0:00:09]} 31. Kg2 {
[%emt 0:00:09]} Rxc1 {[%emt 0:00:02]} 32. Rxf2 {[%emt 0:00:08]} Rxc3 {[%emt 0:
00:02]} 33. e5 {[%emt 0:00:30]} Ke7 {[%emt 0:00:12]} 34. Rf5 {[%emt 0:00:39]}
g4 {[%emt 0:00:07]} 35. h3 {[%emt 0:01:01]} Rc2+ {[%emt 0:00:51]} 36. Kg1 {
[%emt 0:00:15]} gxh3 {[%emt 0:00:16]} 37. Rf1 {[%emt 0:00:32]} h2+ {[%emt 0:00:
07]} 38. Kh1 {[%emt 0:00:03]} Bd5+ {[%emt 0:00:02]} 39. Rf3 {[%emt 0:00:57]}
Bxf3# {[%emt 0:00:04]} 0-1

[Event "PK Jeugd 2020 C-Meisjes"]
[Site "Eindhoven, Netherlands"]
[Date "2020.02.08"]
[Round "4.4"]
[White "Gergin, Isafara"]
[Black "Westerhof, Fleur"]
[Result "1-0"]
[WhiteElo "1179"]
[BlackElo "881"]
[PlyCount "46"]
[EventDate "2020.??.??"]

1. e4 {[%emt 0:00:02]} e5 {[%emt 0:00:05]} 2. Nf3 {[%emt 0:00:04]} Nc6 {
[%emt 0:00:06]} 3. Bc4 {[%emt 0:00:05]} Bc5 {[%emt 0:00:05]} 4. b4 {[%emt 0:00:
04]} Nxb4 {[%emt 0:00:14]} 5. c3 {[%emt 0:00:09]} Nc6 {[%emt 0:00:07]} 6. d4 {
[%emt 0:00:09]} exd4 {[%emt 0:00:07]} 7. cxd4 {[%emt 0:00:03]} Bb4+ {[%emt 0:
00:06]} 8. Bd2 {[%emt 0:00:12]} Qe7 {[%emt 0:00:05]} 9. O-O {[%emt 0:00:20]}
Bxd2 {[%emt 0:00:18]} 10. Qxd2 {[%emt 0:00:07]} d6 {[%emt 0:00:12]} 11. Nc3 {
[%emt 0:00:29]} Nf6 {[%emt 0:00:13]} 12. Rfe1 {[%emt 0:00:27]} O-O {[%emt 0:00:
05]} 13. Nd5 {[%emt 0:01:44]} Qd8 {[%emt 0:00:46]} 14. h3 {[%emt 0:01:31]} Be6
{[%emt 0:00:27]} 15. Nxf6+ {[%emt 0:00:20]} Qxf6 {[%emt 0:00:09]} 16. d5 {
[%emt 0:00:15]} Ne5 {[%emt 0:00:45]} 17. Nxe5 {[%emt 0:00:54]} Qxe5 {[%emt 0:
00:12]} 18. dxe6 {[%emt 0:00:10]} fxe6 {[%emt 0:00:06]} 19. Rab1 {[%emt 0:02:
29]} b6 {[%emt 0:00:20]} 20. Qb2 {[%emt 0:00:35]} Qc5 {[%emt 0:00:40]} 21.
Bxe6+ {[%emt 0:00:33]} Kh8 {[%emt 0:00:19]} 22. Rbc1 {[%emt 0:00:52]} Qxf2+ {
[%emt 0:01:00]} 23. Qxf2 {[%emt 0:00:11]} Rxf2 {[%emt 0:00:10]} 1-0